| 000 | 00894nas a2200265 4500 | ||
|---|---|---|---|
| 001 | BR8501288 | ||
| 003 | BR-BrBNA | ||
| 005 | 20231205090137.0 | ||
| 007 | ta | ||
| 008 | 230509b bl.|||p| |||| 00| 00por d | ||
| 040 |
_aBR-BrBNA _bpor _cBiblioteca Nacional de Agricultura |
||
| 041 | _a(Pt) | ||
| 072 | _aF00 | ||
| 100 | 1 | _aMaeda, J.A. | |
| 100 | 1 | _aSalgado, A.L. de B. | |
| 100 | 1 | _aRazera, I.C.J. | |
| 245 | 1 | _aCondicoes de armazenamento e sua influencia na semente de canhamo-brasileiro [Hibiscus cannabinus] | |
| 246 | 1 | _aStorage conditions and their influence on ambari hemp seeds [Hibiscus cannabinus] | |
| 650 | _aPAPOULA DE SAO FRANCISCO | ||
| 650 | _aSEMENTE | ||
| 650 | _aARMAZENAMENTO | ||
| 773 | 0 |
_tPesquisa Agropecuaria Brasileira (Brazil) _xISSN 0100-204X _g(Jan 1985), v. 20(1) p. 1-6 _wBR8501288 |
|
| 909 |
_a202311 _bLúcia _c55 _dLúcia Elande |
||
| 942 |
_2AGRIS _n0 _cANA |
||
| 999 |
_c116389 _d116389 |
||